A Jurisdiȯ̂ Universal da Cidadania Uma experin̊cia na Justiȧ Eleitoral /

Detalles Bibliográficos
Autor principal: Vidal, Mr̀cio
Formato: eBook
Lenguaje:portugués
Publicado: San Pablo: Letras Jurídicas Editora, 2020
Materias:
Acceso en línea:Acceso restringido

MARC

LEADER 00000nam a22000007a 4500
005 20201022114455.0
007 cr|||| ||||
008 201022s2020 br |||||s|||| 00||0 por d
020 |a 978-85-8248-191-2 
035 |a 32162 
040 |a vLex 
090 |c 10775  |d 10775 
100 1 |a Vidal, Mr̀cio 
245 1 1 |a A Jurisdiȯ̂ Universal da Cidadania  |h [Recurso electrn̤ico] :  |b Uma experin̊cia na Justiȧ Eleitoral /  |c Mr̀cio Vidal 
256 |a Servicio en ln̕ea 
260 |a San Pablo:  |b Letras Jurídicas Editora,  |c 2020 
300 |a 1 recurso electrn̤ico 
500 |a As obras que contemplam queste̳s jurd̕icas, quando abordam os fatos do cotidiano, fazem-no sob a perspectiva da aplicaȯ̂ da lei, conforme o tema e as circunstńcias que os cercam, o que ̌normal e atende s̉ expectativas dos estudiosos das matřias relevantes no mundo jurd̕ico, tanto no Direito em geral, quanto em seus ramos especf̕icos, a exemplo do Direito Eleitoral 
506 1 |a Disponible solo en los productos indicados  |d vLex Global  |d vLex Global (Academic Edition, excluding Law Schools)  |d vLex Global (U.S. Academic Edition, Law Schools)  |d vLex Global (U.S. Academic Edition, excluding Law Schools)  |d vLex Global (Academic Edition, Law Schools) 
650 0 4 |a Derecho Constitucional  |z Brasil 
740 0 |a vLex Libros (Servicio en ln̕ea) 
856 4 0 |u http://vlex.com/source/jurisdi-o-universal-da-cidadania-uma-experi-ncia-na-justi-a-eleitoral-32162  |z Acceso restringido 
942 |c BOOK 
999 0 |a Constitutional right